NHL Playoff Teams 2019 - Statistics

General Stats
  • This quiz has been taken 349 times
  • The average score is 14 of 16
Answer Stats
Division Points Team % Correct
Atlantic 107 Boston Bruins
97%
Atlantic 128 Tampa Bay Lightning
97%
Metropolitan 104 Washington Capitals
94%
Central 99 St. Louis Blues
93%
Central 93 Dallas Stars
92%
Metropolitan 100 Pittsburgh Penguins
91%
Atlantic 100 Toronto Maple Leafs
91%
Central 90 Colorado Avalanche
89%
Metropolitan 103 New York Islanders
89%
Pacific 101 San Jose Sharks
89%
Central 100 Nashville Predators
88%
Pacific 107 Calgary Flames
87%
Metropolitan 99 Carolina Hurricanes
87%
Pacific 93 Vegas Golden Knights
87%
Metropolitan 98 Columbus Blue Jackets
85%
Central 99 Winnipeg Jets
84%
No matching quizzes found
Score Distribution
Percent of People with Each Score
Percentile by Number Answered
Your Score History
You have not taken this quiz